[Event "AUTO-OPEN-3435"]
[Site "http://www.queenalice.com/game.php?id=1341437"]
[Date "2015.2.13"]
[Round "1"]
[White "puddschini"]
[Black "ModernWarlord"]
[Result "1-0"]
[WhiteElo "2532"]
[BlackElo "1568"]

1. e4 c5 2. Nf3 d6 3. d4 cxd4 4. Nxd4 a6 5. c4 Nf6 6. Nc3 g6 7. Be2 Bg7 8. O-O
O-O 9. Be3 Nc6 10. Qd2 Ne5 11. h3 Bd7 12. f4 Nc6 13. Rad1 Nxd4 14. Bxd4 Bc6 15.
Qe3 Re8 16. e5 dxe5 17. fxe5 Nd7 18. e6 Nf6 19. Bxf6 Bxf6 20. Rxd8 Rexd8 21.
exf7+ Kxf7 22. Bf3 Bxf3 23. Qxf3 1-0

[Event "AUTO-OPEN-3435"]
[Site "http://www.queenalice.com/game.php?id=1341438"]
[Date "2015.2.13"]
[Round "1"]
[White "ModernWarlord"]
[Black "puddschini"]
[Result "0-1"]
[WhiteElo "1823"]
[BlackElo "2529"]

1. d4 Nf6 2. c4 g6 3. Nf3 Bg7 4. g3 O-O 5. Bg2 d5 6. cxd5 Nxd5 7. O-O Nb6 8. e3
Nc6 9. a3 e5 10. dxe5 Qxd1 11. Rxd1 Nxe5 12. Nxe5 Bxe5 13. Rd3 Bf5 14. e4 Rad8
15. Rxd8 Rxd8 16. h3 Rd1+ 17. Bf1 Rxc1 18. exf5 Bxb2 0-1

[Event "AUTO-OPEN-3396"]
[Site "http://www.queenalice.com/game.php?id=1344746"]
[Date "2015.3.1"]
[Round "2"]
[White "puddschini"]
[Black "fabianobueno21"]
[Result "1-0"]
[WhiteElo "2531"]
[BlackElo "2070"]

1. c4 c6 2. d4 d5 3. Nc3 Nf6 4. e3 e6 5. Nf3 Bd6 6. Bd3 Qc7 7. b3 Bb4 8. Bb2 Bd6
9. O-O Ng4 10. h3 Nh2 11. Nxh2 Bxh2+ 12. Kh1 Bd6 13. cxd5 exd5 14. Rc1 Qd8 15.
e4 Be6 16. exd5 cxd5 17. f4 f5 18. Re1 Kf7 19. Rxe6 Kxe6 20. Qf3 g6 21. Qxd5+
Kf6 22. Qxb7 Nd7 23. Nd5+ 1-0

[Event "AUTO-OPEN-3396"]
[Site "http://www.queenalice.com/game.php?id=1344747"]
[Date "2015.3.1"]
[Round "2"]
[White "fabianobueno21"]
[Black "puddschini"]
[Result "0-1"]
[WhiteElo "2099"]
[BlackElo "2529"]

1. e4 e6 2. d4 d5 3. e5 c5 4. c3 Nc6 5. Bb5 Bd7 6. Nf3 Nxe5 7. dxe5 Bxb5 8. Ng1
Ne7 9. Bg5 Qc7 10. Bf4 Ng6 0-1

[Event "AUTO-OPEN-3396"]
[Site "http://www.queenalice.com/game.php?id=1344748"]
[Date "2015.3.1"]
[Round "2"]
[White "puddschini"]
[Black "bouley"]
[Result "1-0"]
[WhiteElo "2528"]
[BlackElo "2050"]

1. c4 c5 2. Nc3 Nc6 3. g3 Nf6 4. Bg2 g6 5. a3 Bg7 6. Rb1 b6 7. b4 cxb4 8. axb4
Rb8 9. d4 Bb7 10. e4 O-O 11. Nf3 d6 12. O-O Qc7 13. Qe2 e5 14. d5 1-0

[Event "AUTO-OPEN-3396"]
[Site "http://www.queenalice.com/game.php?id=1344749"]
[Date "2015.3.1"]
[Round "2"]
[White "bouley"]
[Black "puddschini"]
[Result "0-1"]
[WhiteElo "2052"]
[BlackElo "2527"]

1. d4 Nf6 2. Nf3 g6 3. c4 Bg7 4. Nc3 d5 5. cxd5 Nxd5 6. e4 Nxc3 7. bxc3 c5 8.
Be3 Qa5 9. Qc2 O-O 10. Be2 cxd4 11. Bxd4 Bg4 12. Bxg7 Kxg7 0-1

[Event "AUTO-ELITE-1488"]
[Site "http://www.queenalice.com/game.php?id=1355775"]
[Date "2015.4.26"]
[Round "1"]
[White "puddschini"]
[Black "BEBADO"]
[Result "1/2-1/2"]
[WhiteElo "2521"]
[BlackElo "2234"]

1. d4 Nf6 2. c4 c5 3. d5 b5 4. cxb5 a6 5. bxa6 g6 6. Nc3 Bxa6 7. Nf3 Bg7 8. e4
Bxf1 9. Kxf1 d6 10. h3 O-O 11. Kg1 Nbd7 12. Kh2 Nb6 13. Re1 Nfd7 14. Re2 Qb8 15.
Rc2 Na4 16. Qe2 Nxc3 17. bxc3 Ra4 18. Bg5 f6 19. Bc1 Qa7 20. Rb1 Ra8 21. a3 Qa6
22. Qxa6 R8xa6 23. Rb7 Ra7 24. Rxa7 Rxa7 25. g3 Nb6 26. Nd2 Ra4 27. Kg2 Nc4 28.
Nxc4 Rxc4 29. Kf3 f5 30. exf5 gxf5 31. Ke3 Kf7 32. Kd2 e6 33. dxe6+ Kxe6 34. Kd3
d5 1/2-1/2

[Event "AUTO-ELITE-1488"]
[Site "http://www.queenalice.com/game.php?id=1355776"]
[Date "2015.4.26"]
[Round "1"]
[White "BEBADO"]
[Black "puddschini"]
[Result "1-0"]
[WhiteElo "2320"]
[BlackElo "2525"]

1. e4 e6 2. d4 d5 3. Nc3 Bb4 4. e5 c5 5. a3 Bxc3+ 6. bxc3 Ne7 7. Qg4 Kf8 8. Bd2
Qc7 9. Bd3 Nbc6 10. Nf3 c4 11. Be2 Bd7 12. h4 h5 13. Qf4 Kg8 14. Ng5 f6 15. exf6
Qxf4 16. Bxf4 gxf6 17. Nf3 Be8 18. Kd2 Ng6 19. Be3 Nce7 20. Ke1 Kf7 21. Rb1 b6
22. g3 Bd7 23. Kd2 Nf5 24. Ng1 e5 25. dxe5 Nxe5 26. Nh3 Nxe3 27. Kxe3 Rae8 28.
Kd2 Bg4 29. Bxg4 Nxg4 30. Rb5 Re5 31. Re1 Rhe8 32. Rxe5 Rxe5 33. a4 Ke7 34. a5
d4 35. Rxe5+ fxe5 36. axb6 axb6 37. f4 Nf6 38. fxe5 Ne4+ 39. Ke1 dxc3 40. Nf4
Nxg3 41. Kf2 Nf5 42. Nxh5 Ke6 43. Nf4+ Kxe5 44. Ne2 Nxh4 45. Nxc3 Nf5 46. Ke2
Nd6 47. Kd1 b5 48. Na2 Kd4 49. Kc1 c3 50. Kd1 Kc4 51. Nc1 1-0

[Event "AUTO-ELITE-1488"]
[Site "http://www.queenalice.com/game.php?id=1355777"]
[Date "2015.4.26"]
[Round "1"]
[White "puddschini"]
[Black "breizatao"]
[Result "1/2-1/2"]
[WhiteElo "2523"]
[BlackElo "2439"]

1. e4 e5 2. Nf3 Nc6 3. Bb5 a6 4. Ba4 Nf6 5. O-O Be7 6. Re1 b5 7. Bb3 d6 8. c3
O-O 9. d4 Bg4 10. Be3 exd4 11. cxd4 d5 12. e5 Ne4 13. Nc3 Nxc3 14. bxc3 Qd7 15.
Bc2 Bf5 16. h3 Na5 17. Bg5 Bxg5 18. Nxg5 h6 19. Nf3 Nc4 20. Nd2 Nxd2 21. Bxf5
Qxf5 22. Qxd2 a5 23. Re3 c6 24. Rf3 Qe6 25. Rg3 Rfc8 26. Rb1 Rab8 27. Qd3 b4 28.
cxb4 Rxb4 29. Rxb4 axb4 30. Qd2 c5 31. dxc5 Rxc5 32. Rg4 Qxe5 33. Rxb4 g6 34. a4
Rc4 35. a5 Kg7 36. Rxc4 dxc4 37. Qa2 c3 1/2-1/2

[Event "AUTO-ELITE-1488"]
[Site "http://www.queenalice.com/game.php?id=1355778"]
[Date "2015.4.26"]
[Round "1"]
[White "breizatao"]
[Black "puddschini"]
[Result "1-0"]
[WhiteElo "2443"]
[BlackElo "2535"]

1. Nf3 d5 2. d4 Nf6 3. e3 Bf5 4. Bd3 Bxd3 5. Qxd3 Nbd7 6. O-O e6 7. b3 Bd6 8.
Bb2 O-O 9. Nbd2 c6 10. c4 Qe7 11. e4 dxe4 12. Nxe4 Nxe4 13. Qxe4 Nf6 14. Qc2
Rad8 15. Rad1 Bb4 16. h3 h6 17. Ne5 Nd7 18. Nd3 Bd6 19. Rfe1 Bc7 20. Qc3 Qd6 21.
g3 Rfe8 22. d5 e5 23. Nb4 c5 24. Nd3 Qg6 25. Qd2 Qf5 26. g4 Qg6 27. f3 Qa6 28.
a4 Qb6 29. Qc3 Qa6 30. Re2 Ba5 31. Qc2 Qd6 32. Re3 f6 33. h4 Bb4 34. g5 hxg5 35.
hxg5 fxg5 36. Kg2 Ba5 37. Nf2 Nf8 38. Qf5 Qf6 39. Rxe5 Qxf5 40. Rxf5 Re2 41. Ba1
Rde8 42. Rxg5 g6 43. Rf1 R8e3 44. Rg4 Be1 45. Re4 Bxf2 46. Rxf2 Rxe4 47. fxe4
Rxe4 48. Bc3 Re3 49. Rf3 Re2+ 50. Kf1 Re7 51. Kf2 Rf7 52. Rxf7 Kxf7 53. Kf3 Nh7
54. Kf4 Ke7 55. b4 1-0

[Event "AUTO-OPEN-3306"]
[Site "http://www.queenalice.com/game.php?id=1357378"]
[Date "2015.5.4"]
[Round "2"]
[White "puddschini"]
[Black "traub"]
[Result "1-0"]
[WhiteElo "2515"]
[BlackElo "1854"]

1. e4 d5 2. exd5 Qxd5 3. Nc3 Qd6 4. d4 e6 5. Nf3 c5 6. Nb5 Qd8 7. Bf4 Qa5+ 8. b4
cxb4 9. Nc7+ Kd8 10. Nxa8 Ke8 11. Bxb8 b3+ 12. Nd2 b2 13. Rb1 Qxa2 14. Bb5+ Bd7
15. Bxd7+ Kd8 16. Qf3 Bb4 17. Qxb7 Bxd2+ 18. Kxd2 Qa5+ 19. c3 1-0

[Event "AUTO-OPEN-3306"]
[Site "http://www.queenalice.com/game.php?id=1357379"]
[Date "2015.5.4"]
[Round "2"]
[White "traub"]
[Black "puddschini"]
[Result "0-1"]
[WhiteElo "1852"]
[BlackElo "2534"]

1. Nf3 d5 2. d4 Nf6 3. e3 Bf5 4. c4 c6 5. b3 e6 6. Nc3 Bb4 7. Bd2 O-O 8. a3 Bxc3
9. Bxc3 Qe7 10. Bd3 a5 11. O-O Nbd7 12. Qc2 Bxd3 13. Qxd3 Rfd8 14. Ne5 Nxe5 15.
dxe5 Nd7 16. f4 Nc5 17. Qc2 a4 18. Bb4 axb3 19. Qc3 Ne4 20. Bxe7 Nxc3 21. Bxd8
b2 22. Rae1 Rxd8 23. c5 d4 24. e4 d3 0-1

[Event "AUTO-OPEN-3306"]
[Site "http://www.queenalice.com/game.php?id=1357380"]
[Date "2015.5.4"]
[Round "2"]
[White "puddschini"]
[Black "SportRecife"]
[Result "0-1"]
[WhiteElo "2513"]
[BlackElo "2091"]

1. e4 e5 2. Nf3 Nc6 3. Bb5 a6 4. Ba4 Nf6 5. O-O d6 6. Re1 Bd7 7. c3 b5 8. Bb3 h6
9. d4 Na5 10. dxe5 Nxb3 11. axb3 dxe5 12. Nxe5 Bc5 13. b4 Bb6 14. Qf3 Be6 15. h3
O-O 16. Bf4 c5 17. Nc6 Qd7 18. bxc5 Bxc5 19. Na5 Qe7 20. b4 Bb6 21. Be5 Rfe8 22.
Bxf6 Qxf6 23. Qxf6 gxf6 24. Rd1 f5 25. exf5 Bxf5 26. c4 Red8 27. Rxd8+ Bxd8 28.
Nd2 Bg5 29. Nf3 Bf6 30. Ra3 bxc4 31. Nxc4 Be6 32. Nce5 Rb8 33. Rxa6 Rxb4 34. Nd3
Rc4 35. Ra7 Kg7 36. Ra5 Bd8 37. Ra7 Bc7 38. Nfe1 h5 39. h4 Kg6 40. g3 Bf5 41.
Kf1 f6 42. Ke2 Bg4+ 0-1

[Event "AUTO-OPEN-3306"]
[Site "http://www.queenalice.com/game.php?id=1357381"]
[Date "2015.5.4"]
[Round "2"]
[White "SportRecife"]
[Black "puddschini"]
[Result "0-1"]
[WhiteElo "2217"]
[BlackElo "2532"]

1. e4 e6 2. Nf3 d5 3. exd5 exd5 4. d4 Bd6 5. c3 Bg4 6. Be2 Ne7 7. Bg5 f6 8. Bd2
O-O 9. h3 Bh5 10. O-O Nbc6 11. Qb3 Re8 12. Re1 a6 13. Bc1 Na5 14. Qc2 Bg6 15.
Qd1 Qd7 16. Nbd2 Bf5 17. Nb3 Nxb3 18. Qxb3 c6 19. Qd1 Ng6 20. Bd3 Nh4 21. Rxe8+
Rxe8 22. Nxh4 Bxd3 23. Be3 Be4 24. Nf3 Bc7 25. Nd2 f5 26. f3 Bd3 27. Nb3 Rxe3
28. Nc5 Qd6 29. Nxd3 Qh2+ 30. Kf2 f4 31. Qd2 Bd8 32. Rg1 Bh4+ 33. Kf1 Rxf3+ 34.
Ke2 Rxd3 35. Kxd3 Qxg1 36. Qxf4 Qb1+ 37. Ke3 Bg5 0-1

[Event "AUTO-OPEN-3404"]
[Site "http://www.queenalice.com/game.php?id=1364566"]
[Date "2015.6.10"]
[Round "2"]
[White "puddschini"]
[Black "Dogeval"]
[Result "1-0"]
[WhiteElo "2524"]
[BlackElo "2518"]

1. e4 c5 2. Nf3 Nc6 3. d4 cxd4 4. Nxd4 Nf6 5. Nc3 d6 6. Bg5 Bd7 7. Be2 Qa5 8.
Bxf6 gxf6 9. O-O Nxd4 10. Qxd4 Rc8 11. Nd5 Qc5 12. Qxc5 Rxc5 13. Bd3 Bg7 14. Ne3
1-0

[Event "AUTO-OPEN-3404"]
[Site "http://www.queenalice.com/game.php?id=1364567"]
[Date "2015.6.10"]
[Round "2"]
[White "Dogeval"]
[Black "puddschini"]
[Result "0-1"]
[WhiteElo "2526"]
[BlackElo "2516"]

1. d4 Nf6 2. c4 g6 3. Nc3 d5 4. Nf3 Bg7 5. cxd5 Nxd5 6. e4 Nxc3 7. bxc3 c5 8.
Be3 Qa5 9. Qd2 Nc6 10. Rb1 a6 11. Rc1 cxd4 12. cxd4 Qxd2+ 13. Kxd2 e6 14. Bd3
O-O 0-1

[Event "AUTO-OPEN-3435"]
[Site "http://www.queenalice.com/game.php?id=1367274"]
[Date "2015.6.23"]
[Round "2"]
[White "Thanasis"]
[Black "puddschini"]
[Result "1-0"]
[WhiteElo "1867"]
[BlackElo "2436"]

1. d4 Nf6 2. e3 g6 3. Nf3 Bg7 4. Bd3 O-O 5. O-O d6 6. Nc3 Nbd7 7. a4 e5 8. b4
Re8 9. Re1 e4 10. Bxe4 Nxe4 11. Nxe4 Rxe4 12. Qd3 d5 13. Bb2 c6 14. c4 Nf6 15.
Bc3 Bf5 16. Qf1 dxc4 17. Qxc4 Qd5 18. Qxd5 Nxd5 19. Bd2 Bf8 20. Ng5 1-0

[Event "AUTO-OPEN-3435"]
[Site "http://www.queenalice.com/game.php?id=1367275"]
[Date "2015.6.23"]
[Round "2"]
[White "puddschini"]
[Black "Thanasis"]
[Result "0-1"]
[WhiteElo "2421"]
[BlackElo "1897"]

1. e4 e5 2. Nf3 Nc6 3. Bb5 Nf6 4. O-O a6 5. Bxc6 dxc6 6. Nxe5 Be7 7. d3 O-O 8.
h3 Re8 9. a4 Bc5 10. Nc4 b6 11. Bg5 b5 12. Ncd2 a5 13. Nb3 Bb6 14. Qf3 Bb7 15.
Bxf6 Qxf6 16. Qxf6 gxf6 17. N1d2 Rad8 18. axb5 cxb5 19. Nxa5 Bxe4 20. Nxe4 Re6
0-1

[Event "AUTO-OPEN-3435"]
[Site "http://www.queenalice.com/game.php?id=1367282"]
[Date "2015.6.23"]
[Round "2"]
[White "puddschini"]
[Black "simonjscott"]
[Result "0-1"]
[WhiteElo "2483"]
[BlackElo "2024"]

1. e4 e5 2. Nf3 Nf6 3. Nxe5 d6 4. Nf3 Nxe4 5. d4 d5 6. Bd3 Be7 7. O-O O-O 8. c4
c6 9. Re1 Bb4 10. Nbd2 Bg4 11. Bxe4 dxe4 12. Rxe4 Bf5 13. Re3 Nd7 0-1

[Event "AUTO-OPEN-3435"]
[Site "http://www.queenalice.com/game.php?id=1367283"]
[Date "2015.6.23"]
[Round "2"]
[White "simonjscott"]
[Black "puddschini"]
[Result "1-0"]
[WhiteElo "1987"]
[BlackElo "2498"]

1. e4 e6 2. d4 d5 3. exd5 exd5 4. Bd3 Nc6 5. c3 Bd6 6. Qf3 Be6 7. Ne2 Qf6 8. Bf4
O-O-O 9. Nd2 h6 10. Bxd6 Rxd6 11. O-O Qxf3 12. Nxf3 Bg4 13. Rfe1 1-0

[Event "AUTO-OPEN-3396"]
[Site "http://www.queenalice.com/game.php?id=1370187"]
[Date "2015.7.6"]
[Round "3"]
[White "puddschini"]
[Black "amarkin"]
[Result "0-1"]
[WhiteElo "2458"]
[BlackElo "2395"]

1. e4 c5 2. Nf3 d6 3. d4 cxd4 4. Nxd4 a6 5. Nc3 e5 6. Nb3 Nf6 7. Bg5 Be7 8. Bxf6
Bxf6 9. Nd5 O-O 10. Be2 Bg5 11. Nd2 Be6 12. Nc4 b5 13. Nxd6 Nc6 14. c3 Ne7 15.
Nb7 Qc8 16. Na5 Rd8 17. Bf3 f5 18. Nxe7+ Bxe7 0-1

[Event "AUTO-OPEN-3396"]
[Site "http://www.queenalice.com/game.php?id=1370188"]
[Date "2015.7.6"]
[Round "3"]
[White "amarkin"]
[Black "puddschini"]
[Result "1-0"]
[WhiteElo "2380"]
[BlackElo "2468"]

1. e4 e6 2. d4 d5 3. exd5 exd5 4. Nf3 Bd6 5. c4 c6 6. c5 Be7 7. Bd3 b6 8. cxb6
Bb4+ 9. Nc3 Qe7+ 10. Be3 axb6 11. Qb3 Ba6 12. Bxa6 Nxa6 13. O-O Nf6 14. a3 Bxc3
15. Qxc3 Qb7 16. Rac1 Rc8 17. Nh4 1-0